| 000 | 01001 a2200241 4500 | ||
|---|---|---|---|
| 003 | Nust | ||
| 005 | 20221119125139.0 | ||
| 010 | _a 79092128 | ||
| 020 | _a0721633706 | ||
| 040 | _cNust | ||
| 082 | 0 | 0 | _a515.14,EMB |
| 100 | 1 |
_aEmbry, Mary R. _9103131 |
|
| 245 | 1 | 0 |
_aCalculus and linear algebra; _ban integrated approach / _cMary R. Embry, Joseph F. Schell [and] J. Pelham Thomas. |
| 260 |
_aPhiladelphia, _bW. B. Saunders Co., _c1972. |
||
| 300 |
_axvi, 904 p. _billus. _c25 cm. |
||
| 490 | 0 | _aSaunders mathematics books | |
| 505 | _aPart1. Linear geometry (Page-3), Part 2. Differential calculus of R-R functions (Page-151), Part 3. Integral calculus of R-R functions (Page-289), Part 4. Differential calculus of R-R functions (Page-557), Part 5. Integral calculus of R-R functions (Page-715). | ||
| 650 | 0 |
_aAlgebras, Linear. _910720 |
|
| 650 | 0 | _aCalculus. | |
| 700 | 1 |
_aSchell, Joseph F., _d1928- _9103132 |
|
| 700 | 1 |
_aThomas, John Pelham, _d1922- _9103133 |
|
| 942 |
_2ddc _cBK _k515.14,EMB |
||
| 999 |
_c181869 _d181869 |
||